[Event "NOR-chB op"]
[White "Brekke, Kjell Arne"]
[Black "Bekkelien, Glenn Lewi"]
[Site "Asker"]
[Round "4"]
[Result "0-1"]
[Date "2003.05.31"]
[WhiteElo "1734"]
[BlackElo "1688"]
[PlyCount "78"]
[EventDate "2003.05.??"]
[EventType "swiss"]
[EventRounds "5"]
[EventCountry "NOR"]
[SourceTitle "EXT 2005"]
[Source "ChessBase"]
[SourceDate "2004.11.15"]
[SourceVersion "1"]
[SourceVersionDate "2004.11.15"]
[SourceQuality "1"]

1. e4 c6 2. d3 d5 3. Nd2 e5 4. Ngf3 Bd6 5. g3 Bg4 6. Bg2 Ne7 7. h3 Bh5 8. 0-0 f6 9. c3 Qd7 10. b4 Na6 11. a3 Nc7 12. Bb2 Ne6 13. Rc1 Ng5 14. g4 Bf7 15. Nxg5 fxg5 16. d4 exd4 17. cxd4 Bf4 18. e5 h5 19. f3 Be6 20. Rc3 Ng6 21. Nb3 b6 22. Qc2 Ne7 23. Bc1 0-0 24. Bxf4 Rxf4 25. a4 Rc8 26. Nc1 Rxd4 27. Nd3 Rc4 28. Rc1 Rxc3 29. Qxc3 Ng6 30. Qd2 Qe7 31. gxh5 Nh4 32. Nf2 c5 33. f4 gxf4 34. Bxd5 Kh8 35. bxc5 Rd8 36. Qxf4 Bxd5 37. cxb6 axb6 38. Rc3 Rf8 39. Qg4 Be6 0-1